000 00931pam a2200301 i 4500
001 4751837
003 EG-ScBUE
005 20250629100844.0
008 851017t1986 nyua f 001 0 eng d
020 _a0471811866
020 _a9780471811862
040 _aEG-ScBUE
_beng
_erda
_cEG-ScBUE
_dEG-ScBUE
082 0 4 _a537
_222
_bWAN
100 1 _aWangsness, Roald K.,
_eauthor.
_931390
245 1 0 _aElectromagnetic Fields /
_cRoald K. Wangsness, professor of physics, University of Arizona.
250 _aSecond edition.
264 1 _aNew York :
_bJohn Wiley & Sons,
_c[1986]
264 4 _cc1986
300 _axii, 587 pages :
_billustrations ;
_c27 cm
336 _2rdacontent
_atext
_btxt
337 _aunmediated
_2rdamedia
_bn
338 _avolume
_bnc
_2rdacarrier
500 _aIncludes index.
650 7 _aElectromagnetic fields.
_931391
_2BUEsh
653 _cNovember2012
655 _vReading book
942 _2ddc
_cBB
999 _c17090
_d17062